000 00348nam a2200109Ia 4500
008 171204s9999 xx 000 0 und d
245 _aAutomating with SIMATIC: Controllers, Software, Programming, Data Communication:
245 _cHans Berger
260 _c2016
650 _xProgramming 1-2
856 _uhttp://down.ebook777.com/048/3895784591.pdf
999 _c345945
_d345945